Visualizzazione normale
Vista MARC
- Climent i Avinent, Josep,
di Personal Name
Records bibliografici associati: 2
001 - CONTROL NUMBER
- control field: 22237
003 - CONTROL NUMBER IDENTIFIER
- control field: IT-RoINE
005 - DATE AND TIME OF LATEST TRANSACTION
- control field: 20230908123017.0
008 - FIXED-LENGTH DATA ELEMENTS
- fixed length control field: 160114|| aca||aabn | a|a d
040 ## - CATALOGING SOURCE
- Original cataloging agency: IT-RoINE
- Transcribing agency: IT-RoINE
100 1# - HEADING--PERSONAL NAME
- Personal name: Climent i Avinent, Josep,
- Titles and other words associated with a name: Obispo de Barcelona,
- Dates associated with a name: 1706-1781
400 1# - SEE FROM TRACING--PERSONAL NAME
- Personal name: Climent, José,
- Titles and other words associated with a name: Obispo de Barcelona,
- Dates associated with a name: 1706-1781
670 ## - SOURCE DATA FOUND
- Source citation: Work cat.: (IT-RoINE)0: Tort Mitjans, Francesc 22236, El obispo de Barcelona Josep Climent i Avinent :, 1978.